มุมมองปกติ
มุมมองแบบ MARC
- มธุรส เหมือนพลอย.
รายการ Personal Name
001 - CONTROL NUMBER
- control field: 67398
003 - CONTROL NUMBER IDENTIFIER
- control field: NALT
005 - DATE AND TIME OF LATEST TRANSACTION
- control field: 20260217104716.0
008 - FIXED-LENGTH DATA ELEMENTS
- fixed length control field: 260217|| aca||aabn | a|a d
040 ## - CATALOGING SOURCE
- Original cataloging agency: NALT
100 0# - HEADING--PERSONAL NAME
- Personal name: มธุรส เหมือนพลอย.
